LEADER 01202nam a2200229 i 4500 001 000000071838 003 CaOOAMICUS 005 20090119000000.0 008 090119s1957 it u000 u ita u 013 $a43010 040 $aSeMil$bita 245 10$aTermine e concetto di costume :$bil Convegno-Laboratorio : [27, 28, 29 settembre 1956 a Palazzo Grassi in Venezia] /$c[a cura del] Centro internazionale delle arti e del costume. 260 $a[S.l. :$bs.n.],$cstampa 1957$e(Brescia :$fTip. edit. Morcelliana,$gstampa 1957) 300 $a200 p. ;$c24 cm. 650 4$aAbbigliamento.$0(OLS)http://semarc/subject/9630 650 4$aModa e costume.$0(OLS)http://semarc/subject/14435 700 1 $aCentro internazionale delle arti e del costume.$0(OLS)http://semarc/name/15077 700 1 $aConvegno Laboratorio <2. ; 1956 ; Venezia>.$0(OLS)http://semarc/name/35650 850 $aSeMil 852 $aSeMil$W1$xVenegono$y1$m2P V 59$j37991$B37991$CSeMilBibl$Z2$F37994 $81 996 $6245$aTermine e concetto di costume :$bil Convegno-Laboratorio : [27, 28, 29 settembre 1956 a Palazzo Grassi in Venezia]$9(OLS)http://semarc/title/115659 996 $6260$a[S.l. :$bs.n.]$9(OLS)http://semarc/publisher/29751 LEADER 01196nam a2200289 4500 001 000000359756 003 CaOOAMICUS 005 20240923114545.0 008 240911s2022 it 000 u ita r 020 $a978-88-15-29932-1 040 $aSeMil$bita 100 1 $aLorber, Judith,$d<1931- >.$0(OLS)http://semarc/name/120401 240 14$aThe new Gerder Paradox.$0(OLS)http://semarc/title/450159 245 10$aOltre il gender :$bi nuovi paradossi dell'identità /$cJudith Lorber. 264 1$aBologna :$bIl Mulino,$c2022. 300 $a186 p. ;$c18 cm 490 1 $aVoci 650 4$aIdentità di genere.$0(OLS)http://semarc/subject/51156 650 4$aGender.$0(OLS)http://semarc/subject/15931 830 0$aVoci.$0(OLS)http://semarc/title/422936 850 $aSeMil 852 $aSeMil$W1$xVenegono$y1$m2E I 4$j250912$B250815$CSeMilBibl$Z2$F250815 $81 961 $aBrambilla don Paolo - Omaggio 996 $6020$a978-88-15-29932-1$9(OLS)http://semarc/number/301228 996 $6245$aOltre il gender :$bi nuovi paradossi dell'identità$9(OLS)http://semarc/title/450162 996 $6264$aBologna :$bIl Mulino$9(OLS)http://semarc/publisher/29842